|
|
|
|
| LEADER |
01204nam a2200313 a 4500 |
| 001 |
c000166998 |
| 003 |
CARM |
| 005 |
20030715094130.0 |
| 008 |
860228s1987 njua b 001 0 eng |
| 019 |
1 |
|
|a 4475001
|5 LACONCORD2021
|
| 020 |
|
|
|a 0134845692 :
|c $39.95
|
| 035 |
|
|
|a (OCoLC)13327435
|5 LACONCORD2021
|
| 040 |
|
|
|a LC
|b eng
|c LC
|d AK
|
| 050 |
0 |
0 |
|a T56
|b .T86 1987
|
| 082 |
0 |
4 |
|a 620.7
|2 19
|
| 100 |
1 |
|
|a Turner, Wayne C.,
|d 1942-
|
| 245 |
1 |
0 |
|a Introduction to industrial and systems engineering /
|c Wayne C. Turner, Joe H. Mize, Kenneth E. Case.
|
| 250 |
|
|
|a [2nd ed.?]
|
| 260 |
|
|
|a Englewood Cliffs, N.J. :
|b Prentice-Hall,
|c c1987.
|
| 300 |
|
|
|a xvi, 462 p. :
|b ill. ;
|c 24 cm.
|
| 440 |
|
0 |
|a Prentice-Hall international series in industrial and systems engineering
|
| 504 |
|
|
|a Includes bibliographical references and index.
|
| 650 |
|
0 |
|a Industrial engineering.
|
| 650 |
|
0 |
|a Systems engineering.
|
| 700 |
1 |
|
|a Mize, Joe H.
|
| 700 |
1 |
|
|a Case, Kenneth E.
|
| 852 |
8 |
|
|b CARM
|h A2:AJ12A0
|i B05213
|p 0230755
|f BK
|
| 999 |
f |
f |
|i 86a3e9c4-6c32-53c8-be6c-e21f0be9fbcb
|s 562da4b4-2e75-50cc-a1f2-423bd8966c46
|
| 952 |
f |
f |
|p Can circulate
|a CAVAL
|b CAVAL
|c CAVAL
|d CARM 1 Store
|e B05213
|f A2:AJ12A0
|h Other scheme
|i book
|m 0230755
|